000 00902nam a2200265Ia 4500
003 OSt
005 20220926020427.0
006 a|||||r|||| 00| 0
007 ta
008 220923b |||||||| |||| 00| 0 eng d
020 _a9781138791503
_c7566.70
037 _b3480, 12/02/2018, The Bookseller
_cGeneral Book
040 _aRTL
_cRTL
_beng
041 _2eng
_aeng
082 _aU47:(KZ), Q5
100 _aGILLESPIE Kathryn
_9324399
245 0 _aCritical animal geographies
_b Politics, intersections and hierarchies in a multispecies world.
260 _aNew York
_bRoutledge
_c2015
300 _axi, 222p
_ccm.
500 _aBibliography: p 237-47
650 _aGeography
700 _a COLLARD Rosemary-Claire
_9324400
942 _hU47:(KZ), Q5
_cGB
_2CC
999 _c634216
_d634216